Marketing and social priorities : a colloquium /

Guardat en:
Dades bibliogràfiques
Autor corporatiu: American Marketing Association
Altres autors: Fisk, George, 1922- (ed.)
Format: Llibre
Idioma:English
Publicat: [Chicago] : American Marketing Association, [1974]
Matèries:
LEADER 00935nam a2200241 i 4500
001 c000318471
003 CARM
005 00000000000000.0
008 741017s1974 ilua b 10000 eng
019 1 |a 462836  |5 LACONCORD2021 
035 |a (OCoLC)1086998  |5 LACONCORD2021 
050 0 0 |a HF5415  |b .M2974 
245 0 0 |a Marketing and social priorities :  |b a colloquium /  |c edited by George Fisk. 
260 |a [Chicago] :  |b American Marketing Association,  |c [1974] 
300 |a xii, 150 p. :  |b ill. ;  |c 23 cm. 
504 |a Includes bibliographies. 
650 0 |a Marketing  |x Social aspects  |x Congresses. 
700 1 |a Fisk, George,  |d 1922-  |e ed. 
710 2 |a American Marketing Association. 
852 8 |b CARM  |h A1:AN06G0  |i B08417  |p 0407159  |f BK 
082 0 4 |a 301.5/1 
999 f f |i 8c741261-fdac-5693-8f3c-fdf799f442ee  |s 6113e882-580c-5dbc-8550-dd7af9e6ae52 
952 f f |p Can circulate  |a CAVAL  |b CAVAL  |c CAVAL  |d CARM 1 Store  |e B08417  |f A1:AN06G0  |h Other scheme  |i book  |m 0407159